| 000 | 00788nam a22002177a 4500 | ||
|---|---|---|---|
| 999 |
_c372185 _d372185 |
||
| 008 | 201127b ||||| |||| 00| 0 eng d | ||
| 040 |
_aDE-2950 _bger _cDE-2950 _erda |
||
| 041 | _ager | ||
| 245 |
_aLaute Zwischenrufe auf dem Marktplatz. _bProtest. Bei der jüngsten Handwerker-Demo in Frankfurt versuchte der SPD-Abgeordnete Papendieck, die Menschen zu erreichen. / _csep. |
||
| 264 | _c2023 | ||
| 653 | _aFrankfurt (Oder) | ||
| 653 | _aDemo | ||
| 653 | _aHandwerker-Demo | ||
| 653 | _aPolitik | ||
| 653 | _aPapendieck | ||
| 773 |
_dFrankfurt (Oder) Märkisches Verlags- und Druckhaus GmbH & Co KG _tMärkische Oderzeitung _g34. Jahrgang (2023) Nr. 24 vom 28./29.01.2023, S.17: Mit Foto |
||
| 942 | _cA | ||